000 00454nam a2200205Ia 4500
001 109937
003 YMCAF
005 20230512162407.0
008 100717s2003 ||||||||||||||||| ||und|d
024 _a109937
035 _aWB924
040 _aYMCAF
_beng
_cIN-KoLT
041 _aeng
082 _a004.16
_bVEN
100 _aVenkataramani, B
245 0 _aMicroprocessors and peripherals
260 _bTMH
_c2003
300 _a234
942 _2ddc
_cBK
999 _c11699
_d11699